[Event "Najdorf Mem Open A 2016"]
[Site "Warsaw POL"]
[Date "2016.07.15"]
[Round "8.13"]
[White "Bok, Benjamin"]
[Black "Tabatabaei, M.amin"]
[Result "1-0"]
[WhiteTitle "GM"]
[BlackTitle "IM"]
[WhiteElo "2613"]
[BlackElo "2481"]
[WhiteFideId "1017063"]
[BlackFideId "12521213"]
[EventDate "2016.07.08"]

1. d4 Nf6 2. c4 g6 3. Nc3 Bg7 4. e4 d6 5. f3 O-O 6. Be3 Nc6 7. Nge2 a6 8. Qd2
Rb8 9. h4 b5 10. h5 Na5 11. Ng3 Nxc4 12. Bxc4 bxc4 13. O-O-O c5 14. dxc5 Qa5 15.
hxg6 fxg6 16. cxd6 exd6 17. Qxd6 Rb7 18. Qc5 Qxc5 19. Bxc5 Re8 20. Bd4 Be6 21.
Nge2 h5 22. Na4 Bh6+ 23. Kc2 Nd7 24. g4 Rb5 25. Nac3 Ra5 26. gxh5 Rxh5 27. Rxh5
gxh5 28. Rh1 Bf7 29. Ng3 Ne5 30. Nxh5 Bxh5 31. Rxh5 Nxf3 32. Rxh6 Nxd4+ 33. Kd2
Rb8 34. Nd5 a5 35. Rb6 Rf8 36. Kc3 Nf3 37. Rg6+ Kh7 38. Rf6 Rxf6 39. Nxf6+ Kg6
40. Nd5 Ne5 41. Nb6 1-0

[Event "Najdorf Mem Open A 2016"]
[Site "Warsaw POL"]
[Date "2016.07.15"]
[Round "8.14"]
[White "Jumabayev, Rinat"]
[Black "Dastan, Muhammed Batuhan"]
[Result "1/2-1/2"]
[WhiteTitle "GM"]
[BlackTitle "IM"]
[WhiteElo "2613"]
[BlackElo "2480"]
[WhiteFideId "13702661"]
[BlackFideId "6300014"]
[EventDate "2016.07.08"]

1. e4 c5 2. Nf3 d6 3. Bb5+ Nc6 4. O-O Bd7 5. Re1 Nf6 6. c3 a6 7. Bc4 Bg4 8. d4
Bxf3 9. gxf3 e6 10. f4 cxd4 11. cxd4 Be7 12. d5 exd5 13. exd5 Na7 14. a4 O-O 15.
Ra3 Qd7 16. Rg3 Rfe8 17. Nc3 Bf8 18. Be3 Nc8 19. a5 g6 20. Bb3 Qf5 21. Bc2 Qh5
22. Ne4 Rxe4 23. Qxh5 Nxh5 24. Bxe4 Nxg3 25. hxg3 Be7 26. Bd2 f5 27. Bc2 Kf7 28.
Ba4 b5 29. axb6 Nxb6 30. Bc6 Rb8 31. b3 Na8 32. Ba5 Nb6 33. Bd2 Na8 34. Ba5 Nb6
35. Re3 Kf8 36. Rd3 Bf6 37. Kg2 Bd8 38. Re3 Be7 39. Re2 Nxd5 40. Rd2 Nf6 41. Rd3
d5 42. Bd2 Rb6 43. Ba4 Bc5 44. Ba5 Re6 45. Kf1 Bb6 46. Be1 d4 47. b4 Ne8 48. Rd1
Nc7 49. Rc1 Nb5 50. Rc8+ Ke7 51. Bc2 Rd6 52. Bd3 Rd8 53. Rc2 Rd6 54. Re2+ Kd7
55. Ra2 Nc7 56. Bd2 Kc6 57. Ke2 Kb7 58. Bc4 Nb5 59. Kd3 Bd8 60. Ra1 Nc3 61. f3
Nd5 62. Rh1 h5 63. Re1 Ne3 64. Bf7 Rf6 65. Bb3 Bb6 66. Rc1 Rd6 67. Bf7 Bd8 68.
Be8 Bb6 69. Be1 Ng2 70. Bd2 Ne3 71. Bf7 Rf6 72. Be8 1/2-1/2

[Event "Najdorf Mem Open A 2016"]
[Site "Warsaw POL"]
[Date "2016.07.15"]
[Round "8.15"]
[White "Smirnov, Anton"]
[Black "Hracek, Zbynek"]
[Result "1-0"]
[WhiteTitle "IM"]
[BlackTitle "GM"]
[WhiteElo "2478"]
[BlackElo "2605"]
[WhiteFideId "3208923"]
[BlackFideId "300071"]
[EventDate "2016.07.08"]

1. e4 c5 2. Nf3 d6 3. d4 cxd4 4. Nxd4 Nf6 5. Nc3 a6 6. Be3 e6 7. Be2 Qc7 8. f4
b5 9. a3 Bb7 10. Bf3 Nbd7 11. Qe2 Be7 12. g4 Nc5 13. Bf2 g6 14. g5 Nfd7 15. h4
e5 16. fxe5 dxe5 17. Nb3 O-O 18. Nxc5 Bxc5 19. O-O-O Bxf2 20. Qxf2 Nc5 21. Kb1
Rab8 22. h5 Ne6 23. Bg4 Qe7 24. Qh2 Nxg5 25. hxg6 Rbd8 26. gxf7+ Rxf7 27. Rxd8+
Qxd8 28. Qxe5 Qf6 29. Qb8+ Kg7 30. Bf5 Re7 31. Qg3 h6 32. Rd1 Kf7 33. Rd6 Qe5
34. Qxe5 Rxe5 35. Rxh6 Ne6 36. Bxe6+ Kg7 37. Bd5 Rxd5 38. exd5 Kxh6 39. d6 Bc6
40. Nd5 Kg7 41. Nb4 1-0

[Event "Najdorf Mem Open A 2016"]
[Site "Warsaw POL"]
[Date "2016.07.15"]
[Round "8.16"]
[White "Socko, Monika"]
[Black "Mista, Aleksander"]
[Result "0-1"]
[WhiteTitle "GM"]
[BlackTitle "GM"]
[WhiteElo "2462"]
[BlackElo "2584"]
[WhiteFideId "1106619"]
[BlackFideId "1110381"]
[EventDate "2016.07.08"]

1. d4 d6 2. e4 Nf6 3. f3 g6 4. c4 c5 5. d5 Bg7 6. Nc3 O-O 7. Bg5 e6 8. Qd2 h6 9.
Be3 exd5 10. cxd5 Nbd7 11. Nh3 Ne5 12. Nf2 h5 13. Be2 a6 14. a4 Nh7 15. f4 Ng4
16. Nxg4 hxg4 17. O-O f5 18. e5 dxe5 19. Bxc5 Re8 20. Bc4 b6 21. d6+ Be6 22.
Bxe6+ Rxe6 23. Qd5 Nf8 24. Ba3 Ra7 25. Rae1 e4 26. Qc4 Qd7 27. Rd1 Qf7 28. Nd5
e3 29. Rfe1 Re4 30. Qc2 Ne6 31. Ne7+ Kh7 32. Qb3 e2 33. Rd2 Qe8 34. Qxb6 Rd7 35.
Nd5 Nxf4 36. Nxf4 Rxf4 37. Bc5 Rf1+ 38. Rxf1 e1=Q 39. Rd1 Q1e4 40. Qxa6 Q8e5 41.
Qb5 Rb7 0-1

[Event "Najdorf Mem Open A 2016"]
[Site "Warsaw POL"]
[Date "2016.07.15"]
[Round "8.17"]
[White "Tomczak, Jacek"]
[Black "Meskovs, Nikita"]
[Result "1-0"]
[WhiteTitle "GM"]
[BlackTitle "IM"]
[WhiteElo "2583"]
[BlackElo "2469"]
[WhiteFideId "1124668"]
[BlackFideId "11602740"]
[EventDate "2016.07.08"]

1. e4 e6 2. d4 d5 3. Bd3 c5 4. exd5 Qxd5 5. Nc3 Qd8 6. Nf3 Nc6 7. Bf4 Nf6 8.
dxc5 Bxc5 9. O-O a6 10. a3 O-O 11. Ne4 Be7 12. c4 Nh5 13. Be3 f5 14. Nc3 e5 15.
Be2 e4 16. Nd2 Nf6 17. f3 f4 18. Bxf4 Qd4+ 19. Kh1 Nh5 20. Bc7 Be6 21. Ndxe4
Rac8 22. Bd6 Bxd6 23. Nxd6 Rc7 24. Qxd4 Nxd4 25. Bd3 Rd8 26. Nce4 Nf4 27. Rad1
Nxd3 28. Rxd3 Bxc4 29. Nxc4 Rxc4 30. Rfd1 Rcc8 31. Kg1 Ne2+ 32. Kf2 Rxd3 33.
Rxd3 Rc2 34. Rd2 Rxd2 35. Nxd2 Nf4 36. b4 Kf7 37. g3 Nd5 38. Ke2 Ke6 39. Ne4 b6
40. f4 h5 41. Kf3 Ne7 42. Nc3 Nf5 43. Na4 Nd4+ 44. Ke4 Nc2 45. Nxb6 Nxa3 46. Na4
Nc4 47. Nc5+ Kd6 48. Kf5 Kd5 49. Nxa6 Ne3+ 50. Kg6 h4 51. Nc7+ Ke4 52. Ne6 hxg3
53. hxg3 Kf3 54. b5 Nc4 55. f5 Kxg3 56. Kxg7 Nd6 57. f6 1-0

[Event "Najdorf Mem Open A 2016"]
[Site "Warsaw POL"]
[Date "2016.07.15"]
[Round "8.18"]
[White "Donchenko, Alexander"]
[Black "Bilguun, Sumiya"]
[Result "1/2-1/2"]
[WhiteTitle "GM"]
[BlackTitle "FM"]
[WhiteElo "2583"]
[BlackElo "2419"]
[WhiteFideId "24603295"]
[BlackFideId "4901541"]
[EventDate "2016.07.08"]

1. d4 d5 2. c4 e6 3. Nf3 c6 4. e3 Nf6 5. b3 Nbd7 6. Bb2 Ne4 7. Bd3 f5 8. O-O Bd6
9. Ba3 Bxa3 10. Nxa3 Qf6 11. b4 a6 12. Nc2 O-O 13. a4 a5 14. Qe1 b6 15. bxa5
Rxa5 16. Nd2 Nxd2 17. Qxd2 Bb7 18. c5 Rfa8 19. cxb6 Rxa4 20. Rxa4 Rxa4 21. Rb1
Qd8 22. Ne1 Qa8 23. Bf1 Qa5 24. Qb2 Ra2 25. Qc1 Qa3 26. Nd3 Qxc1 27. Rxc1 Kf7
28. h3 Ke7 29. Nc5 Nxc5 30. dxc5 e5 31. g4 fxg4 32. hxg4 e4 33. Kg2 Kf6 34. Kg3
Ke5 35. Bg2 Ra5 36. f4+ exf3 37. Bxf3 h6 38. Bg2 d4 39. Rd1 Ra3 40. Bf3 dxe3 41.
Rd7 e2 42. Kf2 e1=Q+ 43. Kxe1 Rxf3 44. Rxb7 Kd5 45. Rxg7 Kxc5 46. b7 Rb3 47. Kd2
Kd4 48. Kc2 Rb5 49. Re7 Rb6 50. Rd7+ Kc4 51. Kd2 Rb3 52. Ke2 c5 53. Kd2 Rb6 54.
Ke3 Kb5 55. Rc7 Ka6 56. Kf4 Rxb7 57. Rxc5 Rb6 58. Kf5 Kb7 59. Re5 Kc7 60. Re6
Rb5+ 61. Kf4 Kd7 62. Rxh6 Ke7 63. Rg6 Kf7 64. Rg5 Rxg5 65. Kxg5 Kg7 66. Kh5 Kh7
67. g5 Kg7 68. g6 Kg8 69. Kh6 Kh8 70. g7+ Kg8 71. Kg6 1/2-1/2

[Event "Najdorf Mem Open A 2016"]
[Site "Warsaw POL"]
[Date "2016.07.15"]
[Round "8.19"]
[White "Macieja, Bartlomiej"]
[Black "Nasuta, Grzegorz"]
[Result "0-1"]
[WhiteTitle "GM"]
[BlackTitle "IM"]
[WhiteElo "2557"]
[BlackElo "2417"]
[WhiteFideId "1104306"]
[BlackFideId "1141686"]
[EventDate "2016.07.08"]

1. Nf3 c5 2. c4 Nc6 3. Nc3 g6 4. e3 Nf6 5. d4 cxd4 6. exd4 d5 7. cxd5 Nxd5 8.
Qb3 e6 9. Bg5 Be7 10. Bh6 Bf8 11. Bxf8 Kxf8 12. Bb5 Na5 13. Qa3+ Kg7 14. h4 h5
15. O-O b6 16. b4 Qd6 17. Rab1 Bb7 18. Ne4 Qe7 19. Ne5 a6 20. Be2 Nf4 21. Bf3
Bxe4 22. Bxe4 Ne2+ 23. Kh2 Qxh4+ 24. Qh3 Qxe4 25. bxa5 Qxd4 26. Nxf7 Kxf7 27.
axb6 Qg4 28. b7 Rab8 29. Rb6 Qxh3+ 30. gxh3 Rhe8 31. Rfb1 Re7 32. R1b4 Nc3 33.
Rf4+ Kg7 34. Rc4 Nd5 35. Rxa6 Rbxb7 36. Re4 Rb6 37. Rxb6 Nxb6 38. a4 Nd5 39. a5
Kf6 40. Ra4 Ra7 41. Kg3 e5 0-1

[Event "Najdorf Mem Open A 2016"]
[Site "Warsaw POL"]
[Date "2016.07.15"]
[Round "8.20"]
[White "Jones, Gawain C B"]
[Black "Szczepkowska-Horowska, Karina"]
[Result "1-0"]
[WhiteTitle "GM"]
[BlackTitle "WGM"]
[WhiteElo "2650"]
[BlackElo "2411"]
[WhiteFideId "409561"]
[BlackFideId "1122681"]
[EventDate "2016.07.08"]

1. Nf3 Nf6 2. c4 c5 3. Nc3 Nc6 4. g3 g6 5. Bg2 Bg7 6. O-O O-O 7. d4 cxd4 8. Nxd4
Qa5 9. Nb3 Qh5 10. Nd5 d6 11. Nf4 Qe5 12. e4 a5 13. a4 Nb4 14. Bd2 Nxe4 15. Re1
Nxf2 16. Kxf2 Qxb2 17. Be4 Bg4 18. Qb1 Nc6 19. Qxb2 Bxb2 20. Rab1 Be5 21. Nd5
Kg7 22. Kg2 Bf5 23. Bxf5 gxf5 24. Nb6 Ra6 25. Nd7 Rc8 26. Nxe5 Nxe5 27. c5 f6
28. Nd4 Kg6 29. Rxb7 dxc5 30. Nb5 Re6 31. Bxa5 Ra6 32. Bc3 Rxa4 33. Bxe5 1-0

[Event "Najdorf Mem Open A 2016"]
[Site "Warsaw POL"]
[Date "2016.07.15"]
[Round "8.21"]
[White "Dragun, Kamil"]
[Black "Tania, Sachdev"]
[Result "1-0"]
[WhiteTitle "GM"]
[BlackTitle "IM"]
[WhiteElo "2623"]
[BlackElo "2398"]
[WhiteFideId "1134167"]
[BlackFideId "5007844"]
[EventDate "2016.07.08"]

1. e4 e5 2. Nf3 Nc6 3. Bb5 a6 4. Ba4 Nf6 5. O-O Be7 6. d3 b5 7. Bb3 O-O 8. Nc3
d6 9. a3 Bg4 10. Be3 Na5 11. Ba2 c5 12. Nd5 Nc6 13. c3 h6 14. b4 Nh7 15. h3 Be6
16. a4 Rb8 17. axb5 axb5 18. Qd2 Re8 19. Bb3 Qd7 20. Ra6 cxb4 21. cxb4 Qb7 22.
Rfa1 Ra8 23. Rxa8 Rxa8 24. Rc1 Bd8 25. d4 Rc8 26. dxe5 Nxe5 27. Nxe5 Rxc1+ 28.
Qxc1 dxe5 29. Qc3 Qb8 30. Qc6 Nf8 31. Bc5 Bd7 32. Qa6 Bc8 33. Bd6 Bxa6 34. Bxb8
Nd7 35. Bd6 Bg5 36. Nc7 Bb7 37. Bc2 Bd2 38. Nxb5 Nb6 39. Bc5 Nc4 40. Bb3 Nb2 41.
Nd6 1-0

[Event "Najdorf Mem Open A 2016"]
[Site "Warsaw POL"]
[Date "2016.07.15"]
[Round "8.22"]
[White "Oleksiyenko, Mykhaylo"]
[Black "Romanishin, Oleg M"]
[Result "1-0"]
[WhiteTitle "GM"]
[BlackTitle "GM"]
[WhiteElo "2615"]
[BlackElo "2433"]
[WhiteFideId "4152417"]
[BlackFideId "14100088"]
[EventDate "2016.07.08"]

1. e4 c5 2. Nf3 e6 3. d4 cxd4 4. Nxd4 Nc6 5. Nc3 a6 6. g3 Nf6 7. Bg2 Qc7 8. O-O
h6 9. Re1 Nxd4 10. e5 Nb5 11. Nxb5 axb5 12. exf6 gxf6 13. c3 h5 14. Bf4 Qb6 15.
h4 Be7 16. Be3 Bc5 17. b4 Bxe3 18. Rxe3 Kf8 19. a4 bxa4 20. Rxa4 Rxa4 21. Qxa4
f5 22. c4 Qd4 23. c5 b6 24. Qa3 bxc5 25. bxc5 Kg7 26. Rd3 Qe5 27. f4 Qf6 28. Kh2
e5 29. Rd6 Qe7 30. Qe3 f6 31. Bh3 Bb7 32. fxe5 fxe5 33. Bxf5 Bc6 34. Qd2 1-0

[Event "Najdorf Mem Open A 2016"]
[Site "Warsaw POL"]
[Date "2016.07.15"]
[Round "8.23"]
[White "Sadzikowski, Daniel"]
[Black "Baskin, Robert"]
[Result "1/2-1/2"]
[WhiteTitle "IM"]
[BlackTitle "FM"]
[WhiteElo "2551"]
[BlackElo "2375"]
[WhiteFideId "1132253"]
[BlackFideId "24662402"]
[EventDate "2016.07.08"]

1. Nf3 c5 2. e4 d6 3. d4 cxd4 4. Nxd4 Nf6 5. Nc3 a6 6. Be3 e5 7. Nb3 Be6 8. h3
Nbd7 9. g4 Rc8 10. g5 Rxc3 11. gxf6 Rxe3+ 12. fxe3 Qxf6 13. h4 Be7 14. Qe2 h5
15. Bg2 Bg4 16. Qf2 Rh6 1/2-1/2

[Event "Najdorf Mem Open A 2016"]
[Site "Warsaw POL"]
[Date "2016.07.15"]
[Round "8.24"]
[White "Lokander, Martin"]
[Black "Nakar, Eylon"]
[Result "1/2-1/2"]
[WhiteTitle "FM"]
[BlackTitle "IM"]
[WhiteElo "2359"]
[BlackElo "2494"]
[WhiteFideId "1709569"]
[BlackFideId "2811111"]
[EventDate "2016.07.08"]

1. d4 Nf6 2. c4 g6 3. Nc3 Bg7 4. e4 O-O 5. Nf3 d6 6. Be2 e5 7. d5 a5 8. Bg5 h6
9. Be3 Ng4 10. Bd2 f5 11. exf5 gxf5 12. h3 Nf6 13. Qc1 f4 14. g3 Nh5 15. g4 Nf6
16. Qc2 Na6 17. O-O-O Nd7 18. Ne4 Ndc5 19. Nxc5 Nxc5 20. Bd3 Bd7 21. Bc3 Rb8 22.
Rhg1 Kh8 23. Bg6 b5 24. cxb5 Bxb5 25. b3 Qe7 26. g5 Bd7 27. gxh6 Bf6 28. h4 c6
29. dxc6 1/2-1/2

[Event "Najdorf Mem Open A 2016"]
[Site "Warsaw POL"]
[Date "2016.07.15"]
[Round "8.25"]
[White "Warakomski, Tomasz"]
[Black "Bednarek, Sylwester"]
[Result "1-0"]
[WhiteTitle "IM"]
[BlackTitle "FM"]
[WhiteElo "2492"]
[BlackElo "2340"]
[WhiteFideId "1124552"]
[BlackFideId "1101811"]
[EventDate "2016.07.08"]

1. e4 e6 2. d4 d5 3. Nc3 Bb4 4. e5 c5 5. a3 Bxc3+ 6. bxc3 Qa5 7. Bd2 Qa4 8. Qg4
g6 9. Nf3 Qxc2 10. dxc5 f5 11. exf6 Nxf6 12. Qd4 Qe4+ 13. Be3 O-O 14. Bd3 Nc6
15. Bxe4 Nxd4 16. Bxd4 Nxe4 17. O-O Rf7 18. Rfe1 b6 19. cxb6 axb6 20. Reb1 Rb7
21. a4 Ra6 22. Ne5 Kf8 23. f3 Nd6 24. Rb4 Ke8 25. Rab1 Bd7 26. a5 Rxa5 27. Rxb6
Rxb6 28. Rxb6 Ke7 29. Rb8 Be8 30. h4 Rb5 31. Ra8 h5 32. Kh2 Nf5 33. Ra7+ Kf8 34.
Nd3 Nxd4 35. cxd4 Bf7 36. Kg3 Be8 37. Kf4 Rb3 38. Nc5 1-0

[Event "Najdorf Mem Open A 2016"]
[Site "Warsaw POL"]
[Date "2016.07.15"]
[Round "8.27"]
[White "Feuerstack, Aljoscha"]
[Black "Bartel, Michal"]
[Result "1/2-1/2"]
[WhiteTitle "IM"]
[BlackTitle "FM"]
[WhiteElo "2454"]
[BlackElo "2341"]
[WhiteFideId "4681932"]
[BlackFideId "1119257"]
[EventDate "2016.07.08"]

1. e4 e5 2. Nf3 Nc6 3. d4 exd4 4. Nxd4 Bc5 5. Nxc6 Qf6 6. Qf3 Qxf3 7. gxf3 bxc6
8. Be3 Bxe3 9. fxe3 Ne7 10. Nc3 d6 11. O-O-O O-O 12. Rg1 Be6 13. Ne2 Bc4 14. Nf4
Bxf1 15. Rgxf1 Ng6 16. Nxg6 hxg6 17. Rg1 Rab8 18. Rg5 Rb6 19. c4 c5 20. h4 a5
21. Rdg1 Rb4 22. h5 Rxc4+ 23. Kb1 Rb4 24. hxg6 fxg6 25. R1g3 Rf6 26. Rxg6 Rxg6
27. Rxg6 Rc4 28. a3 Kf7 29. Rg2 c6 30. Rd2 Ke6 31. Rd3 a4 32. Rd2 g5 33. Rg2 Kf6
34. Rd2 Ke5 35. Rg2 Kf6 36. Rd2 Ke5 37. Rg2 Kf6 38. Rd2 Ke5 1/2-1/2

[Event "Najdorf Mem Open A 2016"]
[Site "Warsaw POL"]
[Date "2016.07.15"]
[Round "8.29"]
[White "Lewtak, Damian"]
[Black "Kanarek, Marcel"]
[Result "1/2-1/2"]
[BlackTitle "IM"]
[WhiteElo "2363"]
[BlackElo "2548"]
[WhiteFideId "1141724"]
[BlackFideId "1126822"]
[EventDate "2016.07.08"]

1. e4 c6 2. Nf3 d5 3. Nc3 Nf6 4. d3 dxe4 5. Nxe4 Nxe4 6. dxe4 Qxd1+ 7. Kxd1 Nd7
8. Ne1 g6 9. Be3 Bg7 10. c3 O-O 11. Kc2 Ne5 12. h3 Be6 13. f4 Nc4 14. Bxc4 Bxc4
15. Nf3 Rfd8 16. Rhd1 Be2 17. Rxd8+ Rxd8 18. Nd4 Ba6 19. Rd1 e5 20. fxe5 Bxe5
21. Nf3 Rxd1 22. Kxd1 Bg3 23. Nd2 b6 24. c4 c5 25. Ke2 Bb7 26. Bf2 Be5 27. b3 f5
28. Nf3 Bd6 29. exf5 gxf5 30. Be1 Kf7 31. Bc3 f4 32. Kf2 Ke6 33. Ke2 Be7 34. a3
a5 35. a4 Kf5 36. Be1 Be4 37. Kd2 Bf6 38. Bf2 Bd8 39. Be1 Be7 40. Bf2 Bf6 41.
Ne1 Kg6 42. Ke2 Bg5 43. g3 Bf5 44. Nf3 Bf6 45. gxf4 Bxh3 46. Ke3 Kh5 47. Ke4 Bg2
48. Kf5 Bxf3 49. Kxf6 Bd1 50. Ke7 Bxb3 51. Kd6 Bxc4 52. Kc6 Bf7 53. Kxb6 c4 54.
Be1 Kg4 55. Kxa5 h5 56. Kb4 h4 57. Bxh4 Kxh4 58. a5 Kg4 59. a6 Kxf4 60. a7 1/2-1/2

[Event "Najdorf Mem Open A 2016"]
[Site "Warsaw POL"]
[Date "2016.07.15"]
[Round "8.30"]
[White "Golubov, Saveliy"]
[Black "Fakhrutdinov, Timur"]
[Result "0-1"]
[WhiteTitle "IM"]
[BlackTitle "FM"]
[WhiteElo "2497"]
[BlackElo "2350"]
[WhiteFideId "24176729"]
[BlackFideId "24176702"]
[EventDate "2016.07.08"]

1. f4 c5 2. Nf3 Nc6 3. g3 g6 4. Bg2 Bg7 5. O-O e6 6. e4 Nge7 7. d3 d6 8. Nc3 O-O
9. Be3 Nd4 10. Qd2 Qd7 11. Nd1 b6 12. Nh4 d5 13. f5 exf5 14. c3 dxe4 15. dxe4
fxe4 16. cxd4 cxd4 17. Bh6 Bb7 18. Bxg7 Kxg7 19. Nc3 f5 20. Rad1 Rad8 21. Qf4
Qe6 22. Nb5 d3 23. Rfe1 Nd5 24. Qd2 Qf6 25. Qf2 Nb4 26. Na3 Rfe8 27. Bh3 Bc8 28.
Ng2 Nc6 29. Nc4 Nd4 30. Kh1 Nf3 31. Re3 Be6 32. Nd2 Nd4 33. Rf1 Qe7 34. Nf4 Nc2
35. Rxe4 Qb7 36. Kg1 fxe4 37. Nxe6+ Rxe6 38. Bxe6 Qe7 39. Qf7+ Qxf7 40. Rxf7+
Kh6 41. g4 Nd4 42. g5+ Kh5 43. Bh3 e3 44. Ne4 Nf3+ 45. Kg2 Nxg5 46. Ng3+ Kh6 47.
Rd7 e2 48. Rxd8 e1=Q 49. Rxd3 0-1

[Event "Najdorf Mem Open A 2016"]
[Site "Warsaw POL"]
[Date "2016.07.15"]
[Round "8.31"]
[White "Percivaldi, Martin"]
[Black "Puranik, Abhimanyu"]
[Result "1/2-1/2"]
[WhiteTitle "FM"]
[BlackTitle "IM"]
[WhiteElo "2347"]
[BlackElo "2475"]
[WhiteFideId "1508148"]
[BlackFideId "5061245"]
[EventDate "2016.07.08"]

1. Nf3 Nf6 2. c4 g6 3. Nc3 d5 4. cxd5 Nxd5 5. Qb3 Nb6 6. d4 Bg7 7. Bf4 Be6 8.
Qa3 O-O 9. e3 N8d7 10. Rd1 a5 11. Ng5 Bc4 12. Bxc4 Nxc4 13. Qb3 Nd6 14. Nf3 Nf6
15. O-O c6 16. Rfe1 b5 17. e4 b4 18. e5 bxc3 19. exd6 exd6 20. bxc3 Qd7 21. Qa3
Rfd8 22. c4 h6 23. h3 Bf8 24. Qa4 Rdc8 25. Qc2 a4 26. Rb1 Re8 27. Rxe8 Qxe8 28.
Rb4 Qe4 29. Qd2 g5 30. Be3 Bg7 31. Qd1 a3 32. Nd2 Qe8 33. Ra4 Rxa4 34. Qxa4 Ne4
35. Nxe4 Qxe4 36. Qxa3 Bxd4 37. Bxd4 Qxd4 38. Qa8+ Kg7 39. Qxc6 Qa1+ 40. Kh2
Qxa2 41. Qxd6 1/2-1/2

[Event "Najdorf Mem Open A 2016"]
[Site "Warsaw POL"]
[Date "2016.07.15"]
[Round "8.32"]
[White "Sieciechowicz, Marcin"]
[Black "Warakomska, Anna"]
[Result "0-1"]
[WhiteTitle "IM"]
[BlackTitle "WIM"]
[WhiteElo "2430"]
[BlackElo "2321"]
[WhiteFideId "1130170"]
[BlackFideId "1130790"]
[EventDate "2016.07.08"]

1. d4 d5 2. c4 c6 3. Nf3 Nf6 4. Nc3 dxc4 5. a4 Bf5 6. Ne5 Nbd7 7. Nxc4 Nb6 8.
Ne5 a5 9. Bg5 g6 10. e3 Bg7 11. Bd3 Be6 12. O-O Nfd5 13. Nxd5 Nxd5 14. Nf3 Nb4
15. Be2 Bf5 16. Qd2 O-O 17. Rfd1 Rc8 18. Ne1 h6 19. Bh4 Qd7 20. Nd3 Nxd3 21.
Bxd3 Bxd3 22. Qxd3 c5 23. dxc5 Qxd3 24. Rxd3 g5 25. Bg3 Bxb2 26. Rb1 Rxc5 27. h3
Bf6 28. Rxb7 Rc4 29. Ra3 Rd8 30. Rb5 Bc3 31. Be5 Bxe5 32. Rxe5 Rd1+ 33. Kh2 Rd2
34. Kg3 Rcc2 35. Rxe7 Rxf2 36. Rb3 Rxg2+ 37. Kf3 Rcf2+ 38. Ke4 Ra2 39. Rb8+ Kg7
40. Ree8 Rxa4+ 41. Kf3 Raa2 42. Rg8+ Kh7 43. Ke4 Rgf2 44. Rh8+ Kg6 45. Rbg8+ Kh5
46. Rg7 Rf6 47. Ke5 Re6+ 48. Kd5 Rd2+ 49. Kc4 a4 50. Rxf7 a3 51. Ra7 a2 52. Kc3
Re2 53. Kd4 Kh4 54. Kd5 Rb6 55. Kc5 Rf6 56. Kd4 Kxh3 57. Rha8 g4 58. Rxa2 Rxa2
59. Rxa2 g3 60. e4 g2 0-1

[Event "Najdorf Mem Open A 2016"]
[Site "Warsaw POL"]
[Date "2016.07.15"]
[Round "8.33"]
[White "Barski, Radoslaw"]
[Black "Nguyen, Piotr"]
[Result "1-0"]
[BlackTitle "IM"]
[WhiteElo "2346"]
[BlackElo "2430"]
[WhiteFideId "1131710"]
[BlackFideId "1127993"]
[EventDate "2016.07.08"]

1. d4 e6 2. c4 b6 3. Nf3 Bb7 4. Nc3 Bb4 5. e3 Nf6 6. Bd3 O-O 7. O-O d5 8. cxd5
exd5 9. Qc2 a6 10. Bd2 Re8 11. Ne5 Bd6 12. f4 c5 13. Be1 Nc6 14. Bh4 Nb4 15.
Bxf6 gxf6 16. Bxh7+ Kg7 17. Qf5 Rh8 18. Qg4+ Kf8 19. Nd7+ Ke8 20. Bf5 Bf8 21. a3
Nc2 22. Nxf8 Nxa1 23. Nd7 Bc6 24. Qg7 Bxd7 25. Qxh8+ Ke7 26. Qxd8+ Rxd8 27. Bxd7
Nc2 28. Bf5 Nxe3 29. Re1 cxd4 30. Nd1 1-0

[Event "Najdorf Mem Open A 2016"]
[Site "Warsaw POL"]
[Date "2016.07.15"]
[Round "8.34"]
[White "Piscopo, Pierluigi"]
[Black "Martin, Julian"]
[Result "1-0"]
[WhiteTitle "IM"]
[WhiteElo "2429"]
[BlackElo "2280"]
[WhiteFideId "809152"]
[BlackFideId "12941000"]
[EventDate "2016.07.08"]

1. e4 c5 2. Nf3 Nc6 3. Bb5 d6 4. c3 Nf6 5. Qe2 Bd7 6. O-O a6 7. Ba4 b5 8. Bc2
Bg4 9. d3 e6 10. h3 Bh5 11. a4 Be7 12. Nbd2 Nd7 13. g4 Bg6 14. Ne1 e5 15. f4
exf4 16. Ng2 h5 17. Nxf4 hxg4 18. Nxg6 fxg6 19. Qxg4 Nde5 20. Qg2 g5 21. Nf3
Nxf3+ 22. Qxf3 Ne5 23. Qf5 g6 24. Qe6 Qd7 25. Qxd7+ Kxd7 26. d4 cxd4 27. cxd4
Nc6 28. Bd1 Nxd4 29. Bg4+ Kc6 30. Be3 Nb3 31. axb5+ Kxb5 32. Bd7+ Kc4 33. Ra3 d5
34. Ra4+ Kd3 35. Rf3 dxe4 36. Rg3 Kc2 37. Rg2+ Kd3 38. Rg3 Kc2 39. Bc6 Rac8 40.
Bxe4+ Kd1 41. Bd5 Rb8 42. Rg2 1-0

[Event "Najdorf Mem Open A 2016"]
[Site "Warsaw POL"]
[Date "2016.07.15"]
[Round "8.35"]
[White "Eggink, Ryszard"]
[Black "Skliarov, Viktor"]
[Result "1/2-1/2"]
[BlackTitle "FM"]
[WhiteElo "2345"]
[BlackElo "2429"]
[WhiteFideId "1125869"]
[BlackFideId "14106736"]
[EventDate "2016.07.08"]

1. d4 Nf6 2. c4 e6 3. Nf3 c5 4. d5 exd5 5. cxd5 d6 6. Nc3 g6 7. g3 Bg7 8. Bg2
O-O 9. O-O a6 10. a4 Re8 11. Nd2 Nbd7 12. Nc4 Ne5 13. Nxe5 Rxe5 14. e4 Re8 15.
Re1 Rb8 16. a5 Bd7 17. Bf4 Ng4 18. h3 Ne5 19. Qc2 Qf6 20. Bxe5 Qxe5 21. f4 Qd4+
22. Kh2 c4 23. Na4 Qd3 24. Re2 f5 25. Nb6 Bb5 26. Rae1 Bd4 27. e5 dxe5 28. fxe5
Qxc2 29. Rxc2 Bxe5 30. Rce2 Bxb2 31. Rxe8+ Bxe8 32. Nxc4 Bf6 33. Nd6 Bd7 34. Rb1
Be5 35. Rxb7 Rxb7 36. Nxb7 Bb5 37. Bf3 Kf7 38. Kg2 Ke7 39. g4 Kd7 40. gxf5 gxf5
41. h4 Kc7 42. Nc5 Bc3 43. Kg3 Bxa5 44. Kf4 Be1 45. h5 a5 46. Kxf5 Bb4 47. Ne6+
Kd6 48. Nd4 Bd7+ 49. Ke4 a4 50. Bd1 Kc5 51. Nc6 a3 52. Bb3 Bc3 53. Ne5 Ba4 54.
Nd3+ Kd6 55. Ba2 Bc2 56. Ke3 Bd1 57. Nf2 Bc2 58. Ne4+ 1/2-1/2